000 00695nam a2200217 a 4500
001 000008204
005 20240412074205.0
008 090915s1997 dr 001 p spa d
020 _a848954607X
040 _aDO-SdBNP
_bspa
_cBNPHU
082 _aRD861.44
_bM351Le
100 1 _aMármol, José,
_d1960-
_96454
245 1 0 _aLengua de paraíso y otros poemas /
_cJosé Mármol.
260 _aSanto Domingo :
_bAmigo del Hogar,
_c1997.
300 _a147 p. ;
_c22 cm.
500 _aIncluye datos biográficos del autor en la solapa.
590 _aInventariado, 2018/LP
650 0 _aPoesía dominicana
_966
650 0 _aLiteratura dominicana.
_967
910 _aValidado. Control de calidad BNPHU
999 _c7978
_d7978